|
|
|
|
| LEADER |
00000nas a2200000 a 4500 |
| 001 |
ssj0022806 |
| 003 |
WaSeSS |
| 005 |
20200512172242.0 |
| 006 |
m d |
| 007 |
cr n |
| 008 |
820223u1982uuuulaumr p s 0 a0eng d |
| 010 |
|
|
|a sn 82001077
|
| 022 |
|
|
|l 0744-3064
|y 0744-3064
|
| 032 |
|
|
|a 495460
|b USPS
|
| 035 |
|
|
|a (WaSeSS)ssj0022806
|
| 040 |
|
|
|a NSD
|b eng
|c NSD
|d OCL
|d OCLCQ
|d LRU
|d OCLCF
|d OCLCA
|d OCLCQ
|d WaSeSS
|
| 042 |
|
|
|a nsdp
|
| 043 |
|
|
|a n-us-la
|
| 050 |
|
4 |
|a F379.S4
|b S47
|
| 222 |
|
0 |
|a Shreveport
|
| 245 |
0 |
0 |
|a Shreveport
|h [electronic resource].
|
| 260 |
|
|
|a [Shreveport, La.] :
|b [Shreveport Chamber of Commerce]
|
| 310 |
|
|
|a Monthly
|
| 362 |
0 |
|
|a Vol. 37, no. 1 (Jan. 1982)-
|
| 500 |
|
|
|a Title from cover.
|
| 506 |
|
|
|a License restrictions may limit access.
|
| 651 |
|
0 |
|a Shreveport (La.)
|v Periodicals.
|
| 651 |
|
7 |
|a Louisiana
|z Shreveport.
|2 fast
|0 (OCoLC)fst01209612
|
| 655 |
|
0 |
|a Electronic journals.
|
| 710 |
2 |
|
|a Shreveport Chamber of Commerce.
|
| 780 |
0 |
0 |
|t Shreveport magazine
|x 0037-4385
|w (DLC)sn 78003952
|w (OCoLC)3924342
|
| 856 |
4 |
0 |
|z Full text available from Research Library: 03/01/1985 to 01/31/1987
|u https://search.proquest.com/publication/35138
|